[Event "Titled Tuesday intern op 10th Jan Early"]
[Site "Chess.com INT"]
[Date "2023.01.10"]
[Round "1"]
[White "Samaganova, Alexandra"]
[Black "Cruz Ravina, Francisco Javier"]
[Result "1-0"]
[WhiteElo "1856"]
[BlackElo "2411"]
[PlyCount "73"]
[EventDate "2023.01.10"]
[EventType "swiss (blitz)"]
[EventRounds "11"]
[EventCountry "USA"]
[SourceTitle "EXT 2024"]
[Source "ChessBase"]
[SourceDate "2023.10.10"]
[SourceVersion "1"]
[SourceVersionDate "2023.10.10"]
[SourceQuality "1"]

1. c4 g6 2. Nc3 Bg7 3. g3 d6 4. Bg2 e5 5. e3 Ne7 6. Nge2 0-0 7. 0-0 c5 8. d4 Nbc6 9. d5 Na5 10. b3 b6 11. Bb2 f5 12. Qc2 Rb8 13. Nb1 b5 14. Nd2 bxc4 15. bxc4 Bd7 16. Bc3 Qc7 17. Rfb1 Nb7 18. Rb2 Rfc8 19. Rab1 Nd8 20. h3 Nf7 21. Kh2 e4 22. Bxg7 Kxg7 23. Qc3+ Ne5 24. f4 exf3 25. Nxf3 Rxb2 26. Rxb2 Rb8 27. Nf4 Rxb2 28. Qxb2 Kg8 29. Nxe5 dxe5 30. Nd3 e4 31. Nf4 Kf7 32. Qh8 Qd6 33. Qxh7+ Kf8 34. Qh8+ Kf7 35. h4 Ng8 36. Qh7+ Kf8 37. Nxg6+ 1-0

[Event "Titled Tuesday intern op 18th Oct Early"]
[Site "Chess.com INT"]
[Date "2022.10.18"]
[Round "2"]
[White "Fedoseev, Vladimir1111"]
[Black "Cruz Ravina, Francisco Javier"]
[Result "1-0"]
[WhiteElo "2688"]
[BlackElo "2411"]
[PlyCount "85"]
[EventDate "2022.10.18"]
[EventType "swiss (blitz)"]
[EventRounds "11"]
[EventCountry "USA"]
[SourceTitle "EXT 2024"]
[Source "ChessBase"]
[SourceDate "2023.10.10"]
[SourceVersion "1"]
[SourceVersionDate "2023.10.10"]
[SourceQuality "1"]

1. d4 Nf6 2. Nf3 g6 3. Nbd2 d6 4. e4 Bg7 5. c3 0-0 6. h3 Nbd7 7. Bc4 e5 8. 0-0 c6 9. Bb3 Qe7 10. Re1 Nb6 11. a4 a5 12. Qc2 Bd7 13. Nf1 Ne8 14. Be3 Nc8 15. Rad1 Be6 16. Bxe6 Qxe6 17. c4 Qe7 18. b3 c5 19. dxc5 dxc5 20. Bc1 Nc7 21. Ne3 b6 22. Bb2 Na7 23. Nd5 Nxd5 24. exd5 f6 25. Nd2 Nc8 26. f4 Nd6 27. Re2 Rae8 28. Rde1 Qf7 29. fxe5 fxe5 30. Ne4 Nxe4 31. Qxe4 Qf5 32. Qe3 e4 33. Bxg7 Kxg7 34. Qg3 Qf4 35. Qxf4 Rxf4 36. Re3 Kf7 37. g3 Rf6 38. Rxe4 Rxe4 39. Rxe4 g5 40. Kg2 h6 41. h4 Rf5 42. hxg5 hxg5 43. Re6 1-0

[Event "Titled Tuesday intern op 23rd Aug Early"]
[Site "Chess.com INT"]
[Date "2022.08.23"]
[Round "5"]
[White "Leschinsky, Gary"]
[Black "Cruz Ravina, Francisco Javier"]
[Result "1/2-1/2"]
[WhiteElo "1955"]
[BlackElo "2411"]
[PlyCount "39"]
[EventDate "2022.08.23"]
[EventType "swiss (blitz)"]
[EventRounds "11"]
[EventCountry "USA"]
[SourceTitle "EXT 2023"]
[Source "ChessBase"]
[SourceDate "2022.10.05"]
[SourceVersion "1"]
[SourceVersionDate "2022.10.05"]
[SourceQuality "1"]

1. d4 Nf6 2. c4 d6 3. Nc3 e5 4. Nf3 Nbd7 5. e4 g6 6. Be2 Bg7 7. 0-0 0-0 8. h3 c6 9. Re1 exd4 10. Nxd4 Re8 11. Bf1 Nc5 12. f3 a5 13. Be3 Nh5 14. Qd2 Be5 15. f4 Bg7 16. Bf2 Nf6 17. Qc2 Nh5 18. Qd2 Nf6 19. Qc2 Nh5 20. Qd2 1/2-1/2

[Event "Titled Tuesday intern op 01st Mar Early"]
[Site "Chess.com INT"]
[Date "2022.03.01"]
[Round "2"]
[White "Cruz Ravina, Francisco Javier"]
[Black "Samant, Aditya S"]
[Result "1-0"]
[WhiteElo "2411"]
[BlackElo "2433"]
[PlyCount "81"]
[EventDate "2022.03.01"]
[EventType "swiss (blitz)"]
[EventRounds "11"]
[EventCountry "USA"]
[SourceTitle "CBM 207 Extra"]
[Source "ChessBase"]
[SourceDate "2022.05.31"]
[SourceVersion "1"]
[SourceVersionDate "2022.05.31"]
[SourceQuality "1"]

1. Nf3 Nf6 2. g3 d5 3. Bg2 Bg4 4. 0-0 Bxf3 5. Bxf3 c6 6. d3 Nbd7 7. e4 e5 8. exd5 cxd5 9. Nc3 d4 10. Nd5 Rb8 11. Re1 Bd6 12. Bg2 Nxd5 13. Bxd5 0-0 14. Bb3 Nc5 15. Qg4 Kh8 16. f4 f5 17. Qd1 exf4 18. Bxf4 Bxf4 19. gxf4 a5 20. Qf3 a4 21. Bd5 Qb6 22. b3 Rbe8 23. Qf2 axb3 24. axb3 Qb4 25. Kf1 h6 26. Rxe8 Rxe8 27. Re1 Rd8 28. Bf3 Kh7 29. Re5 Qc3 30. Rxf5 Nxd3 31. cxd3 Qxd3+ 32. Qe2 Qb1+ 33. Kg2 d3 34. Qe4 Qb2+ 35. Kg3 Kh8 36. Rd5 Rf8 37. Qxd3 Qc1 38. Qd4 Qe1+ 39. Kg2 Qe7 40. Rd7 Qh4 41. Qxg7# 1-0

[Event "Titled Tuesday intern op 01st Mar Early"]
[Site "Chess.com INT"]
[Date "2022.03.01"]
[Round "3"]
[White "Kosakowski, Jakub"]
[Black "Cruz Ravina, Francisco Javier"]
[Result "1-0"]
[WhiteElo "2442"]
[BlackElo "2411"]
[PlyCount "57"]
[EventDate "2022.03.01"]
[EventType "swiss (blitz)"]
[EventRounds "11"]
[EventCountry "USA"]
[SourceTitle "CBM 207 Extra"]
[Source "ChessBase"]
[SourceDate "2022.05.31"]
[SourceVersion "1"]
[SourceVersionDate "2022.05.31"]
[SourceQuality "1"]

1. e4 d5 2. exd5 Nf6 3. Nf3 Nxd5 4. d4 Bf5 5. Bd3 Bxd3 6. Qxd3 c6 7. c4 Nf6 8. 0-0 e6 9. Nc3 Be7 10. Be3 0-0 11. Rad1 Nbd7 12. d5 exd5 13. cxd5 cxd5 14. Nxd5 Re8 15. Qb3 Nxd5 16. Qxd5 Nf6 17. Qxb7 Qa5 18. b3 Rab8 19. Qxa7 Qxa7 20. Bxa7 Ra8 21. Bd4 Rxa2 22. Rfe1 Raa8 23. g3 Rab8 24. Rd3 Nd5 25. Be5 Rb5 26. Nd4 Rc5 27. Bd6 Nb4 28. Bxc5 Nxd3 29. Rxe7 1-0

[Event "Speed Chess GP3"]
[Site "Chess.com INT"]
[Date "2021.10.02"]
[Round "3"]
[White "Baskin, Robert"]
[Black "Cruz Ravina, Francisco Javier"]
[Result "0-1"]
[WhiteElo "2398"]
[BlackElo "2411"]
[PlyCount "78"]
[EventDate "2021.10.02"]
[EventType "swiss (blitz)"]
[EventRounds "10"]
[EventCountry "USA"]
[SourceTitle "CBM 204 Extra"]
[Source "ChessBase"]
[SourceDate "2021.11.30"]
[SourceVersion "1"]
[SourceVersionDate "2021.11.30"]
[SourceQuality "1"]

1. e4 d5 2. exd5 Nf6 3. d4 Nxd5 4. c4 Nb4 5. a3 N4c6 6. Be3 e5 7. d5 Ne7 8. Nf3 Nf5 9. Bg5 Be7 10. Bxe7 Qxe7 11. Nc3 e4 12. Nd4 e3 13. Nxf5 exf2+ 14. Kxf2 Bxf5 15. Qf3 Qc5+ 16. Kg3 Qd6+ 17. Qf4 Qxf4+ 18. Kxf4 Bd7 19. Re1+ Kd8 20. Bd3 Be8 21. Rhf1 Nd7 22. g4 a5 23. Bf5 f6 24. Bxd7 Bxd7 25. Ne4 b6 26. c5 bxc5 27. Nxc5 Rb8 28. Rf2 Rb5 29. Rc2 Bc8 30. Rd1 Re8 31. Ne6+ Bxe6 32. dxe6+ Kc8 33. Rd7 c5 34. Rxg7 Rxe6 35. Rxh7 Rd6 36. h4 Rd4+ 37. Kf5 c4+ 38. Kxf6 Rd6+ 39. Kg7 Rb7+ 0-1

[Event "Speed Chess GP3"]
[Site "Chess.com INT"]
[Date "2021.10.02"]
[Round "2"]
[White "Kamsky, Gata"]
[Black "Cruz Ravina, Francisco Javier"]
[Result "1-0"]
[WhiteElo "2662"]
[BlackElo "2411"]
[PlyCount "57"]
[EventDate "2021.10.02"]
[EventType "swiss (blitz)"]
[EventRounds "10"]
[EventCountry "USA"]
[SourceTitle "CBM 204 Extra"]
[Source "ChessBase"]
[SourceDate "2021.11.30"]
[SourceVersion "1"]
[SourceVersionDate "2021.11.30"]
[SourceQuality "1"]

1. e4 d5 2. exd5 Nf6 3. d4 Nxd5 4. Nf3 Bf5 5. Bd3 Bxd3 6. Qxd3 c6 7. 0-0 e6 8. c4 Nf6 9. Nc3 Be7 10. Bf4 0-0 11. Rad1 Nbd7 12. Rfe1 Re8 13. h3 Qa5 14. a3 Rad8 15. Qc2 Nf8 16. Qb3 Qa6 17. Ne5 Ng6 18. Be3 Nd7 19. Nxd7 Rxd7 20. d5 cxd5 21. cxd5 e5 22. Ne4 Bf8 23. d6 Qc6 24. Bxa7 Nf4 25. g3 Nxh3+ 26. Kh2 b6 27. Rc1 Qb7 28. Bxb6 Rb8 29. Rc7 1-0

[Event "Speed Chess GP3"]
[Site "Chess.com INT"]
[Date "2021.10.02"]
[Round "6"]
[White "Shahade, Gregory P"]
[Black "Cruz Ravina, Francisco Javier"]
[Result "1-0"]
[WhiteElo "2476"]
[BlackElo "2411"]
[PlyCount "131"]
[EventDate "2021.10.02"]
[EventType "swiss (blitz)"]
[EventRounds "10"]
[EventCountry "USA"]
[SourceTitle "CBM 204 Extra"]
[Source "ChessBase"]
[SourceDate "2021.11.30"]
[SourceVersion "1"]
[SourceVersionDate "2021.11.30"]
[SourceQuality "1"]

1. e4 d5 2. exd5 Nf6 3. d4 Nxd5 4. c4 Nb4 5. a3 N4c6 6. d5 Ne5 7. Nc3 e6 8. Bf4 Ng6 9. Be3 exd5 10. cxd5 Bd6 11. Bb5+ Bd7 12. Nf3 0-0 13. 0-0 a6 14. Bd3 Bg4 15. h3 Bxf3 16. Qxf3 Ne5 17. Qe2 Nxd3 18. Qxd3 Nd7 19. Rfd1 Re8 20. Rac1 Qe7 21. Bd4 Ne5 22. Qg3 Ng6 23. Qg4 Rad8 24. Kf1 Qd7 25. Qxd7 Rxd7 26. g3 Rde7 27. Rc2 h5 28. h4 f5 29. f4 Kf7 30. Re2 Nf8 31. Rxe7+ Rxe7 32. Ne2 Nd7 33. Ng1 Nf6 34. Nf3 Nxd5 35. Kf2 Nf6 36. Bxf6 Kxf6 37. Rd2 g6 38. Rc2 b5 39. Rc6 a5 40. Ne5 Kg7 41. Nd3 a4 42. Ra6 Re4 43. Ra5 c6 44. Ra7+ Kf8 45. Rd7 Rd4 46. Ke2 Rd5 47. Rd8+ Ke7 48. Rg8 Kf7 49. Rc8 c5 50. Rc6 c4 51. Ne1 Ke6 52. Nf3 Kd7 53. Ra6 Rd3 54. Ra7+ Kc6 55. Ra6+ Kd5 56. Nd2 Bc5 57. Rxg6 Bd4 58. Rg5 Ke6 59. Rg6+ Kf7 60. Rg5 Kf6 61. Rxh5 Bxb2 62. Rh6+ Kg7 63. Rb6 Bxa3 64. Rxb5 c3 65. Kxd3 cxd2 66. Kxd2 1-0

[Event "Titled Tuesday intern op 13th July"]
[Site "Chess.com INT"]
[Date "2021.07.13"]
[Round "2"]
[White "Altman, Joshua"]
[Black "Cruz Ravina, Francisco Javier"]
[Result "1-0"]
[WhiteElo "1954"]
[BlackElo "2411"]
[PlyCount "101"]
[EventDate "2021.07.13"]
[EventType "swiss (blitz)"]
[EventRounds "11"]
[EventCountry "USA"]
[SourceTitle "CBM 203 Extra"]
[Source "ChessBase"]
[SourceDate "2021.09.30"]
[SourceVersion "1"]
[SourceVersionDate "2021.09.30"]
[SourceQuality "1"]

1. d4 Nf6 2. c4 d6 3. Nf3 g6 4. Nc3 Nbd7 5. Bg5 Bg7 6. e3 e5 7. Be2 0-0 8. Qc2 h6 9. Bh4 c6 10. 0-0 Qe7 11. Rfd1 Re8 12. Rac1 Nf8 13. c5 exd4 14. cxd6 Qxd6 15. Nxd4 Qe7 16. Bg3 Rd8 17. h3 Ne6 18. Nb3 Nf8 19. Rxd8 Qxd8 20. Rd1 Qe8 21. Bf3 Ne6 22. Na4 Ng5 23. Be2 Bf5 24. Bd3 Bxd3 25. Qxd3 Nge4 26. Bh2 Ng5 27. Bg3 Nd5 28. Nac5 b6 29. Na4 Qe4 30. Qxe4 Nxe4 31. Bh2 b5 32. Nac5 Nxc5 33. Nxc5 Bxb2 34. e4 Nb6 35. Bf4 g5 36. Bc7 Rc8 37. Bg3 Ba3 38. Nb7 c5 39. Rd3 b4 40. Be5 c4 41. Rd6 Kh7 42. Rf6 Kg8 43. Rxh6 f6 44. Bxf6 Rc7 45. Rh8+ Kf7 46. Rh7+ Kxf6 47. Rxc7 c3 48. Na5 Bb2 49. Nb3 a5 50. Nxa5 Na4 51. Nb3 1-0

[Event "Titled Tuesday intern op 13th July"]
[Site "Chess.com INT"]
[Date "2021.07.13"]
[Round "4"]
[White "Viskelis, Darius"]
[Black "Cruz Ravina, Francisco Javier"]
[Result "0-1"]
[WhiteElo "2206"]
[BlackElo "2411"]
[PlyCount "46"]
[EventDate "2021.07.13"]
[EventType "swiss (blitz)"]
[EventRounds "11"]
[EventCountry "USA"]
[SourceTitle "CBM 203 Extra"]
[Source "ChessBase"]
[SourceDate "2021.09.30"]
[SourceVersion "1"]
[SourceVersionDate "2021.09.30"]
[SourceQuality "1"]

1. e4 d5 2. exd5 Nf6 3. c4 c6 4. d4 cxd5 5. Nc3 Nc6 6. Bg5 Bg4 7. Qa4 Nd7 8. cxd5 Nb6 9. Qb3 Nxd4 10. Bb5+ Nxb5 11. Qxb5+ Qd7 12. Qxd7+ Bxd7 13. Nf3 f6 14. Bf4 e5 15. dxe6 Bxe6 16. 0-0-0 Bb4 17. Nd4 Bd7 18. Rhe1+ Kf7 19. Re3 Bxc3 20. Rxc3 Nd5 21. Ne2 Nxc3 22. Rxd7+ Ke8 23. Rxb7 Nxe2+ 0-1

[Event "Iberoamerican-ch 7th"]
[Site "Linares"]
[Date "2019.08.15"]
[Round "6"]
[White "Cruz Ravina, Francisco Javier"]
[Black "Larino Nieto, David"]
[Result "0-1"]
[WhiteElo "2366"]
[BlackElo "2457"]
[PlyCount "78"]
[EventDate "2019.08.10"]
[EventType "swiss"]
[EventRounds "9"]
[EventCountry "ESP"]
[SourceTitle "CBM 191 Extra"]
[Source "ChessBase"]
[SourceDate "2019.09.30"]
[SourceVersion "1"]
[SourceVersionDate "2019.09.30"]
[SourceQuality "1"]

1. e4 d6 2. d4 Nd7 3. Nf3 h6 4. Bc4 e6 5. h4 g6 6. Bf4 Bg7 7. c3 e5 8. dxe5 dxe5 9. Be3 Ngf6 10. Nfd2 Qe7 11. g4 h5 12. g5 Ng4 13. Nf1 Nxe3 14. Nxe3 c6 15. a4 Nc5 16. Nd2 a5 17. Qc2 f6 18. Nf3 Bg4 19. gxf6 Bxf6 20. Nxg4 hxg4 21. Nd2 Rxh4 22. 0-0-0 0-0-0 23. Nb3 Rxd1+ 24. Rxd1 Rh2 25. Qe2 Kb8 26. Qxg4 Rxf2 27. Nxc5 Qxc5 28. Qe6 Ka7 29. Kb1 g5 30. Rf1 Bd8 31. Rxf2 Qxf2 32. Qxe5 Qe1+ 33. Ka2 g4 34. Qc5+ Bb6 35. Qg5 Qxe4 36. Kb3 Qf3 37. Be6 Qd1+ 38. Ka2 Qxa4+ 39. Kb1 Qe4+ 0-1

[Event "Iberoamerican-ch 7th"]
[Site "Linares"]
[Date "2019.08.10"]
[Round "1"]
[White "Montesinos Diaz, Luis"]
[Black "Cruz Ravina, Francisco Javier"]
[Result "0-1"]
[WhiteElo "1846"]
[BlackElo "2366"]
[PlyCount "112"]
[EventDate "2019.08.10"]
[EventType "swiss"]
[EventRounds "9"]
[EventCountry "ESP"]
[SourceTitle "CBM 191 Extra"]
[Source "ChessBase"]
[SourceDate "2019.09.30"]
[SourceVersion "1"]
[SourceVersionDate "2019.09.30"]
[SourceQuality "1"]

1. d4 Nf6 2. Nf3 g6 3. Bg5 Bg7 4. Nbd2 d6 5. e4 0-0 6. c3 Nc6 7. Bc4 e5 8. dxe5 Nxe5 9. Nxe5 dxe5 10. 0-0 Qe7 11. Qe2 h6 12. Bh4 Rd8 13. Rfd1 Be6 14. Bb3 c6 15. Nc4 Qc5 16. Nd2 Bg4 17. Nf3 g5 18. Bg3 Nh5 19. Rd3 Nxg3 20. hxg3 Rxd3 21. Qxd3 Qe7 22. Rd1 Bf6 23. Rd2 Qc7 24. Nh2 Bh5 25. Qd6 Qxd6 26. Rxd6 Kg7 27. Rd7 Rb8 28. f3 Bd8 29. g4 Bg6 30. Kf1 Kf8 31. Ke2 Ke8 32. Rd2 Bb6 33. Nf1 h5 34. gxh5 Bxh5 35. Ng3 Bg6 36. Bc2 Ke7 37. Rd1 Rh8 38. Rh1 Rxh1 39. Nxh1 f6 40. Ng3 Bf7 41. Nf5+ Kd7 42. Bb3 Bxb3 43. axb3 a5 44. Ne3 Bxe3 45. Kxe3 Kd6 46. Kd3 Kc5 47. Kc2 Kb5 48. Kd3 c5 49. Kc2 a4 50. bxa4+ Kxa4 51. b3+ Ka3 52. c4 g4 53. fxg4 Ka2 54. Kc3 Kb1 55. b4 Ka2 56. bxc5 Ka3 0-1

[Event "Andalucia-chT Honor Occidental"]
[Site "Andalucia"]
[Date "2018.11.17"]
[Round "6.2"]
[White "Alshameary Puente, Ismael"]
[Black "Cruz Ravina, Francisco Javier"]
[Result "1/2-1/2"]
[WhiteElo "2369"]
[BlackElo "2333"]
[PlyCount "90"]
[EventDate "2018.09.30"]
[EventType "team-tourn"]
[EventRounds "7"]
[EventCountry "ESP"]
[SourceTitle "EXT 2020"]
[Source "ChessBase"]
[SourceDate "2019.10.17"]
[SourceVersion "1"]
[SourceVersionDate "2019.10.17"]
[SourceQuality "1"]
[WhiteTeam "Oromana CEN Solutions"]
[BlackTeam "Bahia Sur Pai Hotel"]
[WhiteTeamCountry "ESP"]
[BlackTeamCountry "ESP"]

1. d4 e6 2. c4 d5 3. Nc3 Nf6 4. cxd5 exd5 5. Bg5 Nbd7 6. e3 Be7 7. Bd3 0-0 8. Nf3 c6 9. 0-0 Re8 10. Qc2 Nf8 11. h3 g6 12. Rab1 Ne6 13. Bh4 Ng7 14. b4 Bf5 15. Bxf6 Bxd3 16. Qxd3 Bxf6 17. b5 Qa5 18. Rfc1 Ne6 19. Qd2 Bg7 20. Ne4 Qxd2 21. Nexd2 Rec8 22. bxc6 bxc6 23. Nb3 Rab8 24. Rd1 f6 25. Rbc1 Bf8 26. Rc2 Kf7 27. Ne1 Ke8 28. Nd3 Rb5 29. f3 a5 30. Nb2 Kf7 31. Rd3 Ra8 32. Na4 Rb4 33. Nc3 a4 34. Nd2 Rab8 35. Nd1 Bd6 36. Kf2 h5 37. Ke2 g5 38. Nc3 Rb2 39. Kd1 Rxc2 40. Kxc2 a3 41. Nd1 g4 42. hxg4 hxg4 43. fxg4 Rg8 44. e4 Nf4 45. Rf3 Nxg2 1/2-1/2

[Event "Cadiz CA 50th"]
[Site "El Puerto de Santa Maria"]
[Date "2016.07.26"]
[Round "3"]
[White "Sousa, Andre Ventura"]
[Black "Cruz Ravina, Francisco Javier"]
[Result "1-0"]
[WhiteElo "2411"]
[BlackElo "2345"]
[PlyCount "111"]
[EventDate "2016.07.25"]
[EventType "tourn"]
[EventRounds "9"]
[EventCountry "ESP"]
[SourceTitle "CBM 173 Extra"]
[Source "ChessBase"]
[SourceDate "2016.08.29"]
[SourceVersion "1"]
[SourceVersionDate "2016.08.29"]
[SourceQuality "1"]

1. e4 e6 2. d4 c5 3. Nf3 cxd4 4. Nxd4 Nf6 5. Nc3 Nc6 6. a3 e5 7. Nf3 h6 8. Bc4 Be7 9. 0-0 0-0 10. Re1 d6 11. Qd3 Be6 12. Be3 Bxc4 13. Qxc4 Rc8 14. Qd3 a6 15. Nh4 Nxe4 16. Nxe4 Bxh4 17. Nxd6 Rb8 18. Rad1 Be7 19. Bc5 b6 20. Qg3 Bh4 21. Qf3 Qc7 22. Be3 Bg5 23. Nf5 Ne7 24. Bxg5 hxg5 25. Qc3 Rbc8 26. Qxc7 Rxc7 27. Nxe7+ Rxe7 28. Rd6 Rb8 29. Kf1 f6 30. Red1 Kf7 31. Rc6 a5 32. Ke2 Reb7 33. h3 Ke7 34. Rdd6 b5 35. b3 b4 36. a4 Ra8 37. Rd5 Rd7 38. Rdc5 Rad8 39. Rxa5 Kf7 40. Rb5 Rd4 41. Rc4 Rxc4 42. bxc4 Rd7 43. Rxb4 Ra7 44. Kd3 Ke6 45. Kc3 Kd6 46. Kb3 Kc6 47. Rb5 e4 48. a5 Ra8 49. Kb4 Kc7 50. Kc5 Ra6 51. Kd4 Re6 52. Rb6 Re8 53. c5 f5 54. a6 f4 55. a7 Ra8 56. Rg6 1-0

[Event "Cadiz Region-ch Youth+Experts"]
[Site "Chipiona"]
[Date "2016.03.05"]
[Round "5.1"]
[White "Cruz Ravina, Francisco Javier"]
[Black "Ruiz Ledo, Antonio"]
[Result "1/2-1/2"]
[WhiteElo "2344"]
[BlackElo "2109"]
[PlyCount "173"]
[EventDate "2016.02.06"]
[EventType "swiss"]
[EventRounds "6"]
[EventCountry "ESP"]
[SourceTitle "EXT 2024"]
[Source "ChessBase"]
[SourceDate "2023.10.10"]
[SourceVersion "1"]
[SourceVersionDate "2023.10.10"]
[SourceQuality "1"]

1. e4 g6 2. d4 Bg7 3. Nf3 c6 4. Bd3 d5 5. c3 dxe4 6. Bxe4 Nf6 7. Bc2 0-0 8. 0-0 Na6 9. Na3 c5 10. Qe2 Bg4 11. dxc5 Qd5 12. b4 Bxf3 13. gxf3 Qh5 14. Bb3 Rad8 15. Bf4 Nd5 16. Bxd5 Rxd5 17. Nb5 b6 18. Nxa7 bxc5 19. Nc6 Bf6 20. Qxa6 Qxf3 21. Bg3 h5 22. Rae1 h4 23. Qe2 Qf5 24. Be5 Rxe5 25. Nxe5 Bxe5 26. c4 cxb4 27. Qe4 Qg5+ 28. Kh1 Bf6 29. f4 Qa5 30. Re2 Rd8 31. Rg2 Rd4 32. Qc6 Qf5 33. Rgf2 Qd3 34. c5 Kg7 35. Qf3 Qc4 36. c6 Rd3 37. Qe2 Qd5+ 38. Rf3 Rd2 39. Qe1 Qxa2 40. R1f2 Rxf2 41. Qxf2 Qc4 42. h3 Qxc6 43. Kg2 Qc4 44. Qe3 Bd4 45. Qd3 Qa2+ 46. Kh1 Qa1+ 47. Rf1 Qc3 48. Qxc3 bxc3 49. Rc1 Kf6 50. Kg2 Kf5 51. Kf3 f6 52. Ra1 e5 53. fxe5 Kxe5 54. Ra5+ Kd6 55. Ke2 Be5 56. Kd3 Ke6 57. Ra4 g5 58. Rb4 Kd5 59. Rb5+ Kc6 60. Rb4 Kd5 61. Rc4 Kd6 62. Ra4 Ke6 63. Ra6+ Kf5 64. Ra4 Kg6 65. Ke4 Bf4 66. Rc4 f5+ 67. Kd3 Bd2 68. Ke2 g4 69. hxg4 fxg4 70. Rxg4+ Kh5 71. Rg1 h3 72. Ra1 Kh4 73. Kf3 h2 74. Rf1 Kh3 75. Ke2 Kg2 76. Rf2+ Kg3 77. Rf3+ Kg2 78. Rf2+ Kg3 79. Rf3+ Kg4 80. Rf1 Bf4 81. Kf2 c2 82. Kg2 Kf5 83. Re1 Kg4 84. Rf1 Kg5 85. Ra1 Kf5 86. Ra5+ Ke4 87. Rc5 1/2-1/2

[Event "Cadiz Region-ch Youth+Experts"]
[Site "Chipiona"]
[Date "2016.02.20"]
[Round "3.1"]
[White "Cruz Ravina, Francisco Javier"]
[Black "Gomez Calle, Jose Antonio"]
[Result "1-0"]
[WhiteElo "2344"]
[BlackElo "2072"]
[PlyCount "113"]
[EventDate "2016.02.06"]
[EventType "swiss"]
[EventRounds "6"]
[EventCountry "ESP"]
[SourceTitle "EXT 2024"]
[Source "ChessBase"]
[SourceDate "2023.10.10"]
[SourceVersion "1"]
[SourceVersionDate "2023.10.10"]
[SourceQuality "1"]

1. e4 c5 2. Nf3 e6 3. d4 cxd4 4. Bg5 Qc7 5. c3 dxc3 6. Nxc3 a6 7. Rc1 Nc6 8. Qd2 d6 9. Be2 Nf6 10. 0-0 Be7 11. Rfd1 0-0 12. Bxf6 gxf6 13. Nd5 exd5 14. exd5 Qa5 15. dxc6 Qxd2 16. Rxd2 bxc6 17. Rxc6 Be6 18. a3 Rfc8 19. Nd4 Rxc6 20. Nxc6 Bf8 21. Nd4 a5 22. f4 Rc8 23. Bf3 Bd7 24. Rc2 Rxc2 25. Nxc2 f5 26. Kf2 Bg7 27. b4 axb4 28. axb4 Bc3 29. Ke3 Bb5 30. Be2 Bc6 31. g3 Kf8 32. Kd3 Bf6 33. Ne3 Bb5+ 34. Kd2 Bd7 35. Bc4 Bd4 36. Bd3 h6 37. Ke2 Ke7 38. Nxf5+ Bxf5 39. Bxf5 Kd8 40. Be4 Kc7 41. Bd5 f6 42. Kf3 Kb6 43. Bc4 Bc3 44. b5 Kc5 45. Bd3 d5 46. Kg4 Bd4 47. Kf5 Kd6 48. g4 Be3 49. h4 Bd2 50. Kxf6 Bxf4 51. g5 hxg5 52. hxg5 Be5+ 53. Kf7 Kc5 54. g6 Kd4 55. g7 Bxg7 56. Kxg7 Kxd3 57. b6 1-0

[Event "ESP-ch 80th"]
[Site "Linares"]
[Date "2015.08.31"]
[Round "9"]
[White "Henderson de la Fuente, Lance"]
[Black "Cruz Ravina, Francisco Javier"]
[Result "1-0"]
[WhiteElo "2171"]
[BlackElo "2332"]
[PlyCount "108"]
[EventDate "2015.08.23"]
[EventType "swiss"]
[EventRounds "9"]
[EventCountry "ESP"]
[SourceTitle "EXT 2016"]
[Source "ChessBase"]
[SourceDate "2015.10.08"]
[SourceVersion "1"]
[SourceVersionDate "2015.10.08"]
[SourceQuality "1"]

1. e4 e6 2. d4 d5 3. Nd2 c5 4. exd5 exd5 5. Ngf3 Nc6 6. Bb5 Bd6 7. 0-0 Nge7 8. dxc5 Bxc5 9. Nb3 Bb6 10. Re1 0-0 11. Be3 Bxe3 12. Rxe3 Bg4 13. h3 Bxf3 14. Qxf3 Qd6 15. c3 Rad8 16. Rae1 a6 17. Bxc6 Nxc6 18. Qd1 Rd7 19. Nd4 Qc5 20. Qg4 Rdd8 21. Nf5 g6 22. Qg5 f6 23. Qh6 Rd7 24. Re7 Rxe7 25. Rxe7 Qxe7 26. Nxe7+ Nxe7 27. Qe3 Rf7 28. Qe6 h5 29. Qd7 Nc6 30. Qxd5 Kg7 31. b4 g5 32. h4 Kg6 33. Qe4+ Kg7 34. Qf5 g4 35. Qxh5 Ne5 36. Qf5 Rc7 37. h5 Rc6 38. f4 gxf3 39. gxf3 Nf7 40. Qg6+ Kf8 41. h6 Rxc3 42. Qxf6 Rc6 43. Qg7+ Ke7 44. h7 Rc8 45. Qg8 Rd8 46. f4 Rd1+ 47. Kf2 Rd2+ 48. Kg3 Rd3+ 49. Kf2 Rd2+ 50. Ke3 Rh2 51. Qg7 Ke6 52. f5+ Ke7 53. f6+ Ke6 54. Qg4+ Kd5 1-0

[Event "ESP-ch 80th"]
[Site "Linares"]
[Date "2015.08.26"]
[Round "4"]
[White "Cruz Ravina, Francisco Javier"]
[Black "Garcia Porlan, Beatriz"]
[Result "1-0"]
[WhiteElo "2332"]
[BlackElo "2006"]
[PlyCount "91"]
[EventDate "2015.08.23"]
[EventType "swiss"]
[EventRounds "9"]
[EventCountry "ESP"]
[SourceTitle "EXT 2016"]
[Source "ChessBase"]
[SourceDate "2015.10.08"]
[SourceVersion "1"]
[SourceVersionDate "2015.10.08"]
[SourceQuality "1"]

1. e4 e5 2. Nf3 Nc6 3. Bc4 Nf6 4. Ng5 d5 5. exd5 b5 6. Bf1 Qxd5 7. Nc3 Qc5 8. Bxb5 h6 9. Nf3 Bd7 10. Qe2 Bd6 11. Bxc6 Qxc6 12. d4 Be6 13. dxe5 Bc4 14. Nd4 Qc5 15. Nb3 Qxe5 16. Qxe5+ Bxe5 17. Nd1 Nd5 18. Na5 Ba6 19. c4 Nb4 20. 0-0 0-0 21. Ne3 Rfe8 22. a3 Nd3 23. Rb1 c5 24. b4 cxb4 25. axb4 Bc3 26. Nd5 Be5 27. Be3 Bc8 28. Nc6 Kh7 29. Nxe5 Rxe5 30. Rb3 Bf5 31. Bd4 Re2 32. Be3 Rc2 33. Ne7 Be6 34. Rxd3 Bxc4 35. Rd7 Bxf1 36. Kxf1 a5 37. bxa5 Rxa5 38. g3 Re5 39. Nd5 Ra2 40. Nf4 Rf5 41. g4 Rf6 42. Nd5 Rg6 43. h3 Ra5 44. Nf4 Rf6 45. Nh5 Rf3 46. Kg2 1-0

[Event "Granada Nazari IM"]
[Site "Granada"]
[Date "2014.04.19"]
[Round "7"]
[White "Adrian, Claude"]
[Black "Cruz Ravina, Francisco Javier"]
[Result "1-0"]
[WhiteElo "2229"]
[BlackElo "2320"]
[PlyCount "73"]
[EventDate "2014.04.15"]
[EventType "tourn"]
[EventRounds "9"]
[EventCountry "ESP"]
[EventCategory "2"]
[SourceTitle "CBM 160 Extra"]
[Source "ChessBase"]
[SourceDate "2014.07.01"]
[SourceVersion "1"]
[SourceVersionDate "2014.07.01"]
[SourceQuality "1"]

1. Nf3 e6 2. c4 d5 3. d4 c5 4. cxd5 exd5 5. g3 Nc6 6. Bg2 c4 7. 0-0 Bb4 8. b3 cxb3 9. Qxb3 Nge7 10. Ba3 a5 11. Nc3 0-0 12. Bb2 Bf5 13. Rfd1 Bxc3 14. Bxc3 Be4 15. a4 f6 16. Ne1 Bxg2 17. Nxg2 Qd6 18. Nf4 Kh8 19. Qa3 Rfd8 20. Qxd6 Rxd6 21. Rab1 Nd8 22. Rb5 g5 23. Ng2 b6 24. Ne3 Ne6 25. Rdb1 Ra6 26. Bb2 Nc7 27. Ba3 Re6 28. Bxe7 Nxb5 29. axb5 Ra7 30. Ba3 Rc7 31. Nxd5 Rc4 32. e3 f5 33. Be7 h6 34. h4 Rg6 35. Kg2 Kg7 36. hxg5 hxg5 37. Bc5 1-0